Normal view
MARC view
- Great Britain
Entry Corporate Name
001 - CONTROL NUMBER
- control field: 6061
003 - CONTROL NUMBER IDENTIFIER
- control field: OSt
005 - DATE AND TIME OF LATEST TRANSACTION
- control field: 20190806150249.0
008 - FIXED-LENGTH DATA ELEMENTS
- fixed length control field: 120509n| acannaabn |n ana d
040 ## - CATALOGING SOURCE
- Original cataloging agency: OSt
- Transcribing agency: OSt
110 2# - HEADING--CORPORATE NAME
- Corporate name or jurisdiction name as entry element: Great Britain
- Subordinate unit: Commissioners appointed to report and advise upon the Boundaries and Wards of certain Boroughs and Corporate towns in England and Wales
670 ## - SOURCE DATA FOUND
- Source citation: Report of the commissioners appointed to report and advise upon the boundaries and wards of certain boroughs and corporate towns in England and Wales, 1837